<?xml version='1.0' encoding='UTF-8'?>
  <record xmlns="http://www.loc.gov/MARC21/slim">
    <leader>00000cam a2200000 i 4500</leader>
    <controlfield tag="001">ocm20472702</controlfield>
    <controlfield tag="003">OCoLC</controlfield>
    <controlfield tag="005">20251219171404.8</controlfield>
    <controlfield tag="008">880802s1531    gw            000 0 lat d</controlfield>
    <datafield tag="040" ind1=" " ind2=" ">
      <subfield code="a">UBY</subfield>
      <subfield code="b">eng</subfield>
      <subfield code="e">rda</subfield>
      <subfield code="e">dcrmr</subfield>
      <subfield code="c">UBY</subfield>
      <subfield code="d">OCLCQ</subfield>
      <subfield code="d">OCLCG</subfield>
      <subfield code="d">OCLCQ</subfield>
      <subfield code="d">OCLCA</subfield>
      <subfield code="d">OCLCQ</subfield>
      <subfield code="d">OCLCF</subfield>
      <subfield code="d">OCLCO</subfield>
      <subfield code="d">OCL</subfield>
      <subfield code="d">DHA</subfield>
      <subfield code="d">OCLCO</subfield>
      <subfield code="d">OCLCL</subfield>
      <subfield code="d">QGJ</subfield>
      <subfield code="d">OCLCO</subfield>
      <subfield code="d">QGJ</subfield>
      <subfield code="d">OCLCQ</subfield>
      <subfield code="d">QGJ</subfield>
      <subfield code="d">OCLCO</subfield>
    </datafield>
    <datafield tag="035" ind1=" " ind2=" ">
      <subfield code="a">(OCoLC)20472702</subfield>
    </datafield>
    <datafield tag="043" ind1=" " ind2=" ">
      <subfield code="a">e-it---</subfield>
    </datafield>
    <datafield tag="100" ind1="1" ind2=" ">
      <subfield code="a">Vecerius, Conrad,</subfield>
      <subfield code="d">approximately 1487-1527,</subfield>
      <subfield code="e">author.</subfield>
      <subfield code="4">aut</subfield>
      <subfield code="1">https://id.oclc.org/worldcat/entity/E39PCjMvjQ3g3gmvhwDXDxDGtq</subfield>
    </datafield>
    <datafield tag="245" ind1="1" ind2="0">
      <subfield code="a">Conradi Vecerii Regii Secretarii, de Seditionibus Siciliae historia. ;</subfield>
      <subfield code="b">Item. Eiusdem, de rebus gestis Imperatoris Henrici VII. libellus. Item. P. Callimachi Experientis Attila.</subfield>
    </datafield>
    <datafield tag="246" ind1="3" ind2=" ">
      <subfield code="a">De Seditionibus Siciliae historia</subfield>
    </datafield>
    <datafield tag="264" ind1=" " ind2="1">
      <subfield code="a">Haganoae :</subfield>
      <subfield code="b">Per Ioan. Secerium,</subfield>
      <subfield code="c">Anno M.D. XXXI. [1531]</subfield>
    </datafield>
    <datafield tag="300" ind1=" " ind2=" ">
      <subfield code="a">[92] pages ;</subfield>
      <subfield code="c">19 cm (4to)</subfield>
    </datafield>
    <datafield tag="336" ind1=" " ind2=" ">
      <subfield code="a">text</subfield>
      <subfield code="b">txt</subfield>
      <subfield code="2">rdacontent</subfield>
    </datafield>
    <datafield tag="337" ind1=" " ind2=" ">
      <subfield code="a">unmediated</subfield>
      <subfield code="b">n</subfield>
      <subfield code="2">rdamedia</subfield>
    </datafield>
    <datafield tag="338" ind1=" " ind2=" ">
      <subfield code="a">volume</subfield>
      <subfield code="b">nc</subfield>
      <subfield code="2">rdacarrier</subfield>
    </datafield>
    <datafield tag="340" ind1=" " ind2=" ">
      <subfield code="m">4to</subfield>
      <subfield code="2">rdabf</subfield>
    </datafield>
    <datafield tag="500" ind1=" " ind2=" ">
      <subfield code="a">Signatures: A-K⁴, L⁶; L6v is blank.</subfield>
    </datafield>
    <datafield tag="500" ind1=" " ind2=" ">
      <subfield code="a">Printer's device on the final leaf.</subfield>
    </datafield>
    <datafield tag="500" ind1=" " ind2=" ">
      <subfield code="a">Colophon: Haganoae ex officina Ioannis Secerii, Anno Salutis M.D. XXXI. Mense Februario.</subfield>
    </datafield>
    <datafield tag="500" ind1=" " ind2=" ">
      <subfield code="a">Woodcut initials.</subfield>
    </datafield>
    <datafield tag="500" ind1=" " ind2=" ">
      <subfield code="a">Printed marginal notes.</subfield>
    </datafield>
    <datafield tag="500" ind1=" " ind2=" ">
      <subfield code="a">Includes also a letter by Heinrich Eppendorf to Antoine, Duke of Lorraine.</subfield>
    </datafield>
    <datafield tag="510" ind1="4" ind2=" ">
      <subfield code="a">Verzeichnis der im deutschen Sprachbereich erschienenen Drucke des 16. Jahrhunderts (VD 16),</subfield>
      <subfield code="c">W 1336</subfield>
      <subfield code="u">https://gateway-bayern.de/VD16+W+1336</subfield>
    </datafield>
    <datafield tag="510" ind1="4" ind2=" ">
      <subfield code="3">Weber, Konrad. De rebus gestis imperatoris Henrici VII. libellus:</subfield>
      <subfield code="a">Verzeichnis der im deutschen Sprachbereich erschienenen Drucke des 16. Jahrhunderts (VD 16),</subfield>
      <subfield code="c">W 1335</subfield>
      <subfield code="u">https://gateway-bayern.de/VD16+W+1335</subfield>
    </datafield>
    <datafield tag="510" ind1="4" ind2=" ">
      <subfield code="3">Buonaccorsi, Filippo. Attila:</subfield>
      <subfield code="a">Verzeichnis der im deutschen Sprachbereich erschienenen Drucke des 16. Jahrhunderts (VD 16),</subfield>
      <subfield code="c">B 9787</subfield>
      <subfield code="u">https://gateway-bayern.de/VD16+B+9787</subfield>
    </datafield>
    <datafield tag="600" ind1="0" ind2="0">
      <subfield code="a">Henry</subfield>
      <subfield code="b">VII,</subfield>
      <subfield code="c">Holy Roman Emperor,</subfield>
      <subfield code="d">1269?-1313.</subfield>
    </datafield>
    <datafield tag="600" ind1="0" ind2="0">
      <subfield code="a">Attila,</subfield>
      <subfield code="d">-453.</subfield>
    </datafield>
    <datafield tag="651" ind1=" " ind2="0">
      <subfield code="a">Sicily (Italy)</subfield>
      <subfield code="x">History</subfield>
      <subfield code="y">1282-1409.</subfield>
    </datafield>
    <datafield tag="651" ind1=" " ind2="6">
      <subfield code="a">Sicile (Italie)</subfield>
      <subfield code="x">Histoire</subfield>
      <subfield code="y">1282-1409.</subfield>
    </datafield>
    <datafield tag="600" ind1="0" ind2="7">
      <subfield code="a">Attila,</subfield>
      <subfield code="d">-453</subfield>
      <subfield code="2">fast</subfield>
      <subfield code="1">https://id.oclc.org/worldcat/entity/E39PBJkp3VbM9TTx7KxfqJtkDq</subfield>
    </datafield>
    <datafield tag="600" ind1="0" ind2="7">
      <subfield code="a">Henry</subfield>
      <subfield code="b">VII,</subfield>
      <subfield code="c">Holy Roman Emperor,</subfield>
      <subfield code="d">1269?-1313</subfield>
      <subfield code="2">fast</subfield>
      <subfield code="1">https://id.oclc.org/worldcat/entity/E39PBJxmKdVFggThKKyx7JG4MP</subfield>
    </datafield>
    <datafield tag="651" ind1=" " ind2="7">
      <subfield code="a">Italy</subfield>
      <subfield code="z">Sicily</subfield>
      <subfield code="2">fast</subfield>
      <subfield code="1">https://id.oclc.org/worldcat/entity/E39PBJvd8MvTHqM4mpqgG6fjG3</subfield>
    </datafield>
    <datafield tag="648" ind1=" " ind2="7">
      <subfield code="a">1282-1409</subfield>
      <subfield code="2">fast</subfield>
    </datafield>
    <datafield tag="655" ind1=" " ind2="7">
      <subfield code="a">History</subfield>
      <subfield code="2">fast</subfield>
    </datafield>
    <datafield tag="655" ind1=" " ind2="7">
      <subfield code="a">Biographies</subfield>
      <subfield code="y">16th century.</subfield>
      <subfield code="2">rbgenr</subfield>
    </datafield>
    <datafield tag="700" ind1="1" ind2="2">
      <subfield code="i">Container of (work):</subfield>
      <subfield code="a">Vecerius, Conrad,</subfield>
      <subfield code="d">approximately 1487-1527.</subfield>
      <subfield code="t">De rebus gestis imperatoris Henrici VII. libellus.</subfield>
    </datafield>
    <datafield tag="700" ind1="1" ind2="2">
      <subfield code="i">Container of (work):</subfield>
      <subfield code="a">Buonaccorsi, Filippo,</subfield>
      <subfield code="d">1437-1496.</subfield>
      <subfield code="t">Atilla.</subfield>
    </datafield>
    <datafield tag="700" ind1="1" ind2=" ">
      <subfield code="a">Eppendorf, Heinrich,</subfield>
      <subfield code="d">1496-approximately 1551,</subfield>
      <subfield code="e">correspondent.</subfield>
      <subfield code="4">crp</subfield>
    </datafield>
    <datafield tag="700" ind1="0" ind2=" ">
      <subfield code="a">Antoine,</subfield>
      <subfield code="c">Duke of Lorraine,</subfield>
      <subfield code="d">1489-1544,</subfield>
      <subfield code="e">addressee.</subfield>
      <subfield code="4">rcp</subfield>
    </datafield>
    <datafield tag="700" ind1="1" ind2=" ">
      <subfield code="a">Setzer, Johann,</subfield>
      <subfield code="d">approximately 1478-1532,</subfield>
      <subfield code="e">printer.</subfield>
      <subfield code="4">prt</subfield>
      <subfield code="1">https://id.oclc.org/worldcat/entity/E39PCjr7GBP4y9Fqx9b9gdYjJC</subfield>
    </datafield>
    <datafield tag="752" ind1=" " ind2=" ">
      <subfield code="a">France</subfield>
      <subfield code="d">Haguenau,</subfield>
      <subfield code="e">publication place.</subfield>
      <subfield code="4">pup</subfield>
    </datafield>
    <datafield tag="758" ind1=" " ind2=" ">
      <subfield code="i">has work:</subfield>
      <subfield code="a">Conradi Vecerii Regii secretaii, de seditionibus Siciliae historia. Item. Eiusdem, de rebus gestis imperatoris Henrici VII. libellus. Item. P. Callimachi Experientis Attila (Text)</subfield>
      <subfield code="1">https://id.oclc.org/worldcat/entity/E39PCFRcjkYtwRKXvCDrJB7T73</subfield>
      <subfield code="4">https://id.oclc.org/worldcat/ontology/hasWork</subfield>
    </datafield>
    <datafield tag="936" ind1=" " ind2=" ">
      <subfield code="a">BATCHLOAD</subfield>
    </datafield>
  </record>